000 00468nam a2200181Ia 4500
001 21461
005 20260306172921.0
008 260306t2009||||xx |||||||||||||| ||spa||
041 _aESP
082 _a345
_bT38
100 _aSan Martín Castro, César Eugenio
_eAUT
245 0 _aTeoria de la impugnación:
_bI jornadas de derecho procesal
260 _c2009
300 _a220 páginas :
_c24 cm.
650 _aGEN
654 _aCDE
942 _cLIB
_dJUS
_fJUS
_2ddc
_n
999 _c21461
_d21461